Top 5 Football Recruits by State - 2024 - Statistics

General Stats
  • This quiz has been taken 2 times
  • The average score is 9 of 233
Answer Stats
State Player Rank/Pos. Current Team / Status % Correct
Alabama Ryan Williams #3 WR Alabama Crimson Tide
100%
North Carolina Amaris Williams #5 EDGE Auburn Tigers
50%
Alabama Cam Coleman #2 WR Auburn Tigers
50%
Illinois Cam Williams #16 WR Notre Dame Fighting Irish
50%
Wisconsin Corey Smith #25 RB Penn State Nittany Lions
50%
West Virginia Curtis Jones Jr. #118 LB West Virginia Mountaineers
50%
Arizona Demond Williams Jr. #19 QB Washington Huskies
50%
Maryland Dilin Jones #10 RB Wisconsin Badgers
50%
Wyoming Drew Jackson #195 CB Wyoming Cowboys
50%
South Dakota Jack Smith #394 WR South Dakota State Jackrabbits
50%
Kentucky Jacob Smith #18 EDGE Kentucky Wildcats
50%
Florida Jeremiah Smith #1 WR Ohio State Buckeyes
50%
Kentucky Jerod Smith II #9 EDGE Kentucky Wildcats
50%
Texas Justin Williams #1 LB Georgia Bulldogs
50%
Virginia Kris Jones #10 LB Georgia Bulldogs
50%
South Carolina Yannick Smith #39 WR East Carolina Pirates
50%
Maryland Aaron Chiles #6 LB Florida Gators
0%
Alaska Aaron Hampton #243 ATH California Golden Bears
0%
Ohio Aaron Scott Jr. #5 CB Ohio State Buckeyes
0%
Delaware Ahmaad Foster #200 DL Old Dominion Monarchs
0%
New Jersey AJ Surace #29 QB Rutgers Scarlet Knights
0%
Tennessee Amari Jefferson #33 WR Tennessee Volunteers
0%
Michigan Andrew Dennis #7 IOL Michigan State Spartans
0%
Missouri Andrew Sprague #6 OT Michigan Wolverines
0%
Oklahoma Andy Bass #31 ATH Oklahoma Sooners
0%
Hawaii Anelu Lafaele #27 EDGE Michigan State Spartans
0%
Nevada Audric Harris #74 WR Washington Huskies
0%
California Aydin Breland #8 DL Oregon Ducks
0%
Alaska Azariah Atonio #229 QB Northern State Wolves
0%
Kentucky Beau Baker #25 TE Washington State Cougars
0%
Connecticut Benedict Umeh #38 DL Stanford Cardinal
0%
Tennessee Boo Carter #5 ATH Tennessee Volunteers
0%
Michigan Brady Prieskorn #14 TE Michigan Wolverines
0%
California Brandon Baker #3 OT Texas Longhorns
0%
Michigan Brandon Davis-Swain #36 DL Colorado Buffaloes
0%
Washington Brayden Platt #14 LB Upper Iowa Peacocks
0%
Arkansas Braylen Russell #26 RB Arkansas Razorbacks
0%
South Carolina Braylon Staley #15 WR Tennessee Volunteers
0%
Kansas Brett Carroll #21 IOL Minnesota Golden Gophers
0%
Iowa Brevin Doll #33 RB Iowa Hawkeyes
0%
Ohio Brian Robinson #18 DL Kentucky Wildcats
0%
Ohio Bryce West #16 CB Ohio State Buckeyes
0%
North Carolina Bryce Young #6 DL Notre Dame Fighting Irish
0%
New York Caden Brown #45 EDGE Syracuse Orange
0%
Iowa Cam Buffington #24 LB Iowa Hawkeyes
0%
Idaho Camden DeGraw-Tryall #125 EDGE Washington State Cougars
0%
Massachusetts Cameron Monteiro #136 WR Akron Zips
0%
Nebraska Carter Nelson #3 TE Nebraska Cornhuskers
0%
Arkansas Charlie Collins #13 DL Arkansas Razorbacks
0%
Virginia Chris Cole #3 LB Georgia Bulldogs
0%
Illinois Christian Bentancur #4 TE Clemson Tigers
0%
Michigan CJ Carr #6 QB Notre Dame Fighting Irish
0%
Oregon Clay Martineau #34 LB Boise State Broncos
0%
Iowa Cody Fox #19 IOL Free Agent
0%
New York Colin Cubberly #43 IOL Wisconsin Badgers
0%
Texas Colin Simmons #4 EDGE Texas Longhorns
0%
Massachusetts Cooper Ackerman #138 DL Connecticut Huskies
0%
Pennsylvania Cooper Cousins #2 IOL Penn State Nittany Lions
0%
Arkansas Courtney Crutchfield #10 WR Arkansas Razorbacks
0%
North Dakota Coy Okeson #222 OT North Dakota State Bison
0%
Kentucky Cutter Boley #38 QB Kentucky Wildcats
0%
Nebraska Dae'vonn Hall #64 WR Inactive
0%
Colorado Dagan Myers #32 S Colorado State Rams
0%
Washington, D.C. Da'Jaun Riggs #69 RB Oregon Ducks
0%
International Daniel Akinkunmi #49 IOL (UK) Oklahoma Sooners
0%
Mississippi Daniel Hill #5 RB Alabama Crimson Tide
0%
Nebraska Daniel Kaelin #28 QB Virginia Cavaliers
0%
Oklahoma Danny Okoye #28 EDGE Oklahoma Sooners
0%
Connecticut Dante Reno #36 QB Yale Bulldogs
0%
Maryland Darien Mayo #25 DL Clemson Tigers
0%
Louisiana Dashawn Spears #2 S LSU Tigers
0%
Washington, D.C. David McMorris #112 DL Pennsylvania Quakers
0%
Florida David Stone #4 DL Oklahoma Sooners
0%
Utah Davis Andrews #43 S Utah Utes
0%
Washington, D.C. DD Holmes #90 DL Maryland Terrapins
0%
Washington, D.C. De'Andre Cook #71 DL Penn State Nittany Lions
0%
Wisconsin Derek Jensen #32 IOL Iowa State Cyclones
0%
Iowa Derek Weisskopf #17 LB Iowa Hawkeyes
0%
Oregon Devin Brooks #40 IOL Oregon Ducks
0%
Oklahoma Devon Jordan #36 CB Oklahoma Sooners
0%
Nevada DeVon Rice #92 ATH Kansas State Wildcats
0%
Texas DJ Lagway #1 QB Florida Gators
0%
Arizona DJ Warner #7 EDGE SMU Mustangs
0%
West Virginia Dom Collins #175 WR Concord Mountain Lions
0%
Louisiana Dominick McKinley #5 DL LSU Tigers
0%
Utah Dominic Overby #65 WR Iowa State Cyclones
0%
Georgia Dylan Raiola #2 QB Nebraska Cornhuskers
0%
Washington, D.C. Dylan Stewart #2 EDGE South Carolina Gamecocks
0%
Georgia Eddrick Houston #7 DL Ohio State Buckeyes
0%
Tennessee Elijah Groves #7 LB NC State Wolfpack
0%
Connecticut Elijah Newby #21 LB USC Trojans
0%
Arizona Elijah Rushing #3 EDGE Oregon Ducks
0%
Nevada Elija Lofton #10 TE Miami Hurricanes
0%
Florida Ellis Robinson IV #1 CB Georgia Bulldogs
0%
Minnesota Emerson Mandell #13 IOL Wisconsin Badgers
0%
Maryland Ernest Willor Jr. #21 DL Wisconsin Badgers
0%
Ohio Ethan Grunkemeyer #8 QB Penn State Nittany Lions
0%
New Hampshire Exodus Ayers #53 ATH Oregon State Beavers
0%
Utah Faletau Satuala #11 LB BYU Cougars
0%
Hawaii Filiva'a Saluni #62 IOL Inactive
0%
Virginia Fletcher Westphal #12 OT Florida Gators
0%
Washington Fox Crader #25 OT Oregon Ducks
0%
Virginia Fred Johnson #8 LB South Carolina Gamecocks
0%
New Jersey Gabe Winowich #18 ATH Rhode Island Rams
0%
Colorado Gage Ginther #76 IOL Tennessee Volunteers
0%
Wisconsin Garrett Sexton #15 OT Penn State Nittany Lions
0%
Idaho Gatlin Bair #6 WR Oregon Ducks
0%
Kansas Gavin Hoffman #12 TE Missouri Tigers
0%
Iowa Grant Brix #20 OT Nebraska Cornhuskers
0%
Massachusetts Guerby Lambert #8 OT Notre Dame Fighting Irish
0%
Kansas Gus Hawkins #24 OT Kansas State Wildcats
0%
Montana Hayden Hanks #214 DL Boise State Broncos
0%
Colorado Hayden Treter #91 OT USC Trojans
0%
Massachusetts Henry Hasselbeck #56 QB UCLA Bruins
0%
Montana Henry Sellards #196 OT Nevada Wolf Pack
0%
Washington Hogan Hansen #17 TE Michigan Wolverines
0%
Montana Hudson Wiens #254 DL Montana State Bobcats
0%
Indiana Ian Moore #9 IOL Ohio State Buckeyes
0%
Maryland Ify Obidegwu #6 CB Oregon Ducks
0%
Utah Isaac Wilson #21 QB Utah Utes
0%
Utah Isaiah Garcia #21 OT Utah Utes
0%
Washington Isendre Ahfua #8 IOL Texas A&M Aggies
0%
North Dakota Isiah St. Romain #366 WR North Dakota State Bison
0%
Rhode Island Israel Hiraldo #305 WR Post Eagles
0%
Wisconsin Jace J. Gilbert #59 DL Iowa State Cyclones
0%
Alaska Jack Nash #242 ATH South Dakota State Jackrabbits
0%
Nebraska Jacob Arop #30 OT South Dakota Coyotes
0%
Montana Jacob Kauwe #12 K Kentucky Wildcats
0%
Missouri Jaden Reddell #7 TE Georgia Bulldogs
0%
North Carolina Jadyn Davis #9 QB Michigan Wolverines
0%
Colorado Jake Stonebraker #78 ATH Austin Peay Governors
0%
Mississippi Jamonta Waller #10 EDGE Auburn Tigers
0%
Washington Jason Brown Jr. #16 RB Arizona State Sun Devils
0%
Oregon Jayden Fortier #22 TE Arizona State Sun Devils
0%
Alabama Jaylen Mbakwe #2 CB Alabama Crimson Tide
0%
Missouri Jeremiah McClellan #18 WR Oregon Ducks
0%
South Dakota Jett Zabel #41 TE North Dakota State Bison
0%
Minnesota Jide Abasiri #60 DL USC Trojans
0%
Oregon Joey Olsen #34 TE USC Trojans
0%
Alabama Jordan Ross #1 EDGE Tennessee Volunteers
0%
Florida Jordan Seaton #1 OT Colorado Buffaloes
0%
North Carolina Jordan Shipp #19 WR North Carolina Tar Heels
0%
New Jersey Jordan Thomas #14 DL Georgia Bulldogs
0%
Arkansas Joseph McVay #44 WR Vanderbilt Commodores
0%
New York Josiah Brown #81 WR Penn State Nittany Lions
0%
South Carolina Josiah Thompson #2 OT South Carolina Gamecocks
0%
Indiana Jo'Ziah Edmond #10 CB Michigan Wolverines
0%
California Julian Sayin #3 QB Ohio State Buckeyes
0%
International Justin Okoronkwo #40 LB (GERM) South Carolina Gamecocks
0%
Illinois Justin Scott #3 DL Miami Hurricanes
0%
Kansas Kaedin Massey #28 OT Kansas State Wildcats
0%
Mississippi Kam Franklin #23 DL Ole Miss Rebels
0%
South Carolina Kam Pringle #17 OT Syracuse Orange
0%
Mississippi KD Daniels #14 RB Florida Gators
0%
Wyoming Keelan Anderson #16 K Wyoming Cowboys
0%
Hawaii Kekai Burnett #42 EDGE Michigan State Spartans
0%
Pennsylvania Kevin Heywood #4 OT Wisconsin Badgers
0%
West Virginia Keyshawn Robinson #139 WR West Virginia Mountaineers
0%
Georgia KJ Bolden #1 S Georgia Bulldogs
0%
New York KJ Duff #28 TE Rutgers Scarlet Knights
0%
Minnesota Koi Perich #5 S Minnesota Golden Gophers
0%
Ohio Koy Beasley #8 S Miami (OH) Redhawks
0%
Louisiana Kylan Billiot #13 WR LSU Tigers
0%
California Kyngstonn Viliamu-Asa #4 LB Notre Dame Fighting Irish
0%
Massachusetts Liam Andrews #24 DL Penn State Nittany Lions
0%
Florida LJ McCray #1 DL Florida Gators
0%
Idaho Luke Flowers #128 QB Montana Grizzlies
0%
Georgia Luke Kromenhoek #4 QB Mississippi State Bulldogs
0%
Connecticut Luke Reynolds #1 TE Penn State Nittany Lions
0%
Kentucky Lukus McDaniels #47 ATH Southern Illinois Salukis
0%
New York Marcus Harrison #35 OT Georgia Bulldogs
0%
Illinois Marques Easley #14 OT Purdue Boilermakers
0%
Illinois Marquise Lightfoot #6 EDGE Miami Hurricanes
0%
Minnesota Mason Carrier #46 LB Minnesota Golden Gophers
0%
South Carolina Mazeo Bennett Jr. #40 WR South Carolina Gamecocks
0%
Texas Micah Hudson #5 WR Texas Tech Red Raiders
0%
Nevada Micah Ka'apana #35 RB Michigan Wolverines
0%
Kansas Michael Boganowski #41 LB Oklahoma Sooners
0%
West Virginia Michael Lunsford #142 DL Oklahoma State Cowboys - Track & Field
0%
Arizona Miles Lockhart #31 CB Ohio State Buckeyes
0%
Indiana Mylan Graham #12 WR Ohio State Buckeyes
0%
North Dakota Nate Tastad #163 IOL North Dakota State Bison
0%
Wisconsin Nathan Roy #11 IOL Minnesota Golden Gophers
0%
South Dakota Navarro Schunke #24 IOL Kansas State Wildcats
0%
Michigan Nick Marsh #22 WR Michigan State Spartans
0%
Indiana Nitro Tuggle #24 WR Purdue Boilermakers
0%
Arizona Noah Carter #8 EDGE Alabama Crimson Tide
0%
International Noel Portnjagin #98 IOL (GERM) Florida Gators
0%
New Jersey Nyier Daniels #22 OT Georgia Bulldogs
0%
Tennessee Ondre Evans #9 CB Georgia Bulldogs
0%
International Pape Abdoulaye Sy #36 OT (UK) Boston College Eagles
0%
North Dakota Peder Haugo #237 ATH North Dakota State Bison
0%
Alabama Perry Thompson #8 WR Auburn Tigers
0%
Virginia Peyton Lewis #13 RB Tennessee Volunteers
0%
Hawaii Preston Taumua #17 IOL Nebraska Cornhuskers
0%
Montana Quinn Clark #148 WR Nebraska Cornhuskers
0%
Pennsylvania Quinton Martin Jr. #8 RB Penn State Nittany Lions
0%
Idaho Rakeem Johnson #92 IOL Michigan State Spartans
0%
Colorado Rex Guthrie #115 S Nebraska Cornhuskers
0%
Pennsylvania Rico Scott #48 WR Alabama Crimson Tide
0%
North Dakota Riley Sunram #27 DL Minnesota Golden Gophers
0%
West Virginia Robby Martin #39 IOL West Virginia Mountaineers
0%
Delaware Ronnell Davis #249 S Buffalo Bulls
0%
Hawaii Rustin Young #18 OT Michigan State Spartans
0%
Pennsylvania Ryan Cory #29 IOL Wisconsin Badgers
0%
Connecticut Ryan Puglisi #10 QB Georgia Bulldogs
0%
Missouri Ryan Wingo #7 WR Texas Longhorns
0%
Nevada Salesi Manu #69 EDGE Arizona State Sun Devils
0%
Georgia Sammy Brown #2 LB Clemson Tigers
0%
Nebraska Sam Thomas #22 IOL Inactive
0%
Alaska Sone Falealo #199 OT Washington State Cougars
0%
International Steve Bolo Mboumoua #78 DL (CAN) Alabama Crimson Tide
0%
New Mexico Stratton Shufelt #156 LB UTEP Miners
0%
Indiana Tae Johnson #17 S Notre Dame Fighting Irish
0%
Tennessee Tarrion Grant #17 CB Texas Tech Red Raiders
0%
Alaska Tavita Faletoi #318 IOL Inactive
0%
North Carolina Terrell Anderson #20 WR NC State Wolfpack
0%
Oregon Terrell Kim #35 IOL Arizona State Sun Devils
0%
Texas Terry Bussey #1 ATH Texas A&M Aggies
0%
South Dakota Thomas Heiberger #33 LB Wisconsin Badgers
0%
South Dakota Thomas Martian #306 IOL South Dakota State Jackrabbits
0%
Idaho Trevor McKenna #188 DL Boise State Broncos
0%
Louisiana Trey'Dez Green #2 TE LSU Tigers
0%
Delaware Tristen Graham #86 EDGE Dodge City CC Conquistadors
0%
Louisiana Tylen Singleton #12 LB LSU Tigers
0%
New Jersey Vaboue Toure #46 S Penn State Nittany Lions
0%
Arkansas Walker White #5 QB Baylor Bears
0%
Mississippi Will Echoles #16 DL Ole Miss Rebels
0%
Missouri Williams Nwaneri #2 DL Nebraska Cornhuskers
0%
Oklahoma Witt Edwards #17 ATH Vanderbilt Commodores
0%
Minnesota Wyatt Gilmore #39 DL Oklahoma Sooners
0%
Oklahoma Xadavien Sims #20 DL Oregon Ducks
0%
California Zabien Brown #3 CB Alabama Crimson Tide
0%
No matching quizzes found
Score Distribution
Percent of People with Each Score
Percentile by Number Answered
Your Score History
You have not taken this quiz